Score 0/30 Timer 07:00
12 Plays Today
% Correct
TOM & JERRY
93.5%
MARGARET HAMILTON
91.2%
CHARLIE SHEEN
89.8%
ADAM WEST
88.9%
JENNIFER LOPEZ
88.8%
VIN DIESEL
88.1%
CHRISTIAN BALE
87.3%
LILO & STITCH
86.9%
MILA KUNIS
86.9%
BEAVIS & BUTTHEAD
86.5%
FINN & JAKE
85.9%
LYNDA CARTER
85.8%
CRAIG T NELSON
85.2%
JAMIE FOXX
84.3%
WILL ARNETT
83.6%
% Correct
RENEE ZELLWEGER
83.2%
GALLAGHER
82.1%
GLORIA SWANSON
81.5%
BRUNO MARS
81.1%
ELVIS COSTELLO
81.1%
MICHAEL RICHARDS
81.1%
KRISTIN CHENOWETH
80.5%
JAMIE LEE CURTIS
80.5%
TONY SHALHOUB
79.5%
JOAN CUSACK
79.4%
REN & STIMPY
77.2%
NANCY CARTWRIGHT
77.1%
VAL KILMER
76.8%
VIVIEN LEIGH
76%
GEORGE CLOONEY
75.6%
Remove Ads.
Support Sporcle.
Get the best of Sporcle when you Go Orange. This ad-free experience offers more features, more stats, and more fun while also helping to support Sporcle. Thank you for becoming a member.

You're not logged in!

Compare scores with friends on all Sporcle quizzes.
OR
Log In

Show Comments

Extras

Top Quizzes Today


Score Distribution

Your Account Isn't Verified!

In order to create a playlist on Sporcle, you need to verify the email address you used during registration. Go to your Sporcle Settings to finish the process.

Report this User

Report this user for behavior that violates our Community Guidelines.

Details: